Pour le nouveau parti socialiste

保存先:
書誌詳細
第一著者: Savary, Alain
フォーマット: 図書
言語:Undetermined
出版事項: Paris Éditions du Seuil 1970
主題:
タグ: タグ追加
タグなし, このレコードへの初めてのタグを付けませんか!
Thư viện lưu trữ: Trung tâm Học liệu Trường Đại học Cần Thơ
LEADER 00485nam a2200193Ia 4500
001 CTU_108398
008 210402s9999 xx 000 0 und d
082 |a 335 
082 |b S265 
100 |a Savary, Alain 
245 0 |a Pour le nouveau parti socialiste 
245 0 |c Alain Savary 
260 |a Paris 
260 |b Éditions du Seuil 
260 |c 1970 
650 |a Socialism 
650 |z France 
904 |i M.Loan 
980 |a Trung tâm Học liệu Trường Đại học Cần Thơ